Multinational corporations in the developing countries / (Record no. 123508)

MARC details
000 -LEADER
fixed length control field 00685nam a22002297a 4500
005 - DATE AND TIME OF LATEST TRANSACTION
control field 20170124105926.0
010 ## - LIBRARY OF CONGRESS CONTROL NUMBER
LC control number 910122
020 ## - INTERNATIONAL STANDARD BOOK NUMBER
Terms of availability 00.00
035 ## - SYSTEM CONTROL NUMBER
System control number 910122
037 ## - SOURCE OF ACQUISITION
Source of stock number/acquisition Cen Lib/Ret
040 ## - CATALOGING SOURCE
Original cataloging agency DPL
Language of cataloging EN
082 ## - DEWEY DECIMAL CLASSIFICATION NUMBER
Classification number 338.88
Item number SEN
100 ## - MAIN ENTRY--PERSONAL NAME
Personal name Sen, S. C.
9 (RLIN) 6549
245 ## - TITLE STATEMENT
Title Multinational corporations in the developing countries /
Statement of responsibility, etc by S. C. Sen
260 ## - PUBLICATION, DISTRIBUTION, ETC. (IMPRINT)
Place of publication, distribution, etc Calcutta
Name of publisher, distributor, etc Eastern Law House
Date of publication, distribution, etc 1978
270 ## - ADDRESS
Address 54, Ganesh Chunder Avenue
City Calcutta
Postal code 700013
300 ## - PHYSICAL DESCRIPTION
Extent 315p.
Dimensions 23cm(Hb)
500 ## - GENERAL NOTE
General note Includes index
650 ## - SUBJECT ADDED ENTRY--TOPICAL TERM
Topical term or geographic name as entry element Developing countries
9 (RLIN) 6550
650 ## - SUBJECT ADDED ENTRY--TOPICAL TERM
Topical term or geographic name as entry element International business enterprises
9 (RLIN) 6551
942 ## - ADDED ENTRY ELEMENTS (KOHA)
Source of classification or shelving scheme Dewey Decimal Classification
Koha item type English Books
Classification part 338.88
Call number suffix SEN
Holdings
Withdrawn status Lost status Damaged status Not for loan Home library Current library Date acquired Source of acquisition Cost, normal purchase price Total Checkouts Full call number Barcode Date last seen Copy number Cost, replacement price Price effective from Koha item type Public note
Written off       Central Library Central Library 08/06/2015 Cen Lib/Ret 0.00   338.88 SEN 910122 08/06/2015 1 0.00 08/06/2015 English Books Written off on approval by DLB (By Circulation); dtd 15-06-2023

© Delhi Public Library
Hit Counter
free hit counter